[Event "Sinquefield Cup 1st"]
[Site "Saint Louis"]
[Date "2013.09.13"]
[Round "4"]
[White "Kamsky, Gata"]
[Black "Carlsen, Magnus"]
[Result "0-1"]
[WhiteElo "2741"]
[BlackElo "2862"]
[Annotator "Ramirez Alvarez,Alejandro"]
[PlyCount "118"]
[EventDate "2013.09.09"]
[EventType "tourn"]
[EventRounds "6"]
[EventCountry "USA"]
[EventCategory "22"]
[SourceTitle "CBM 157"]
[Source "ChessBase"]
[SourceDate "2013.11.12"]
[SourceVersion "1"]
[SourceVersionDate "2013.11.12"]
[SourceQuality "1"]

1. e4 e5 2. Nf3 Nc6 3. Bb5 a6 {Kamsky seemed to have not expected Carlsen to go for this variation specifically. He thought for a few minutes before deciding that the best course of action was to go into the quiet waters of the exchange Spanish.} 4. Bxc6 dxc6 5. O-O f6 6. d4 Bg4 7. dxe5 (7. c3 {was Fischer's favorite, but neither this move nor the move in the game are considered dangerous for Black nowadays.}) 7... Qxd1 8. Rxd1 fxe5 9. Rd3 {A common rook lift, the idea being that if White had played instead} (9. Nbd2 O-O-O {it becomes difficult to develop his pieces.}) 9... Bd6 10. Nbd2 Nf6 11. Nc4 {White's play revolves around the weakened e5-pawn - taking it and playing with the remaining passed pawn while Black has no chance at creating one himself on the queenside. However Black's piece activity has been considered for some time to give him a perfetly good game.} O-O 12. Nfxe5 Be2 13. Re3 Bxc4 14. Nxc4 Ng4 $1 {More accurate than the other move. At least here White has some chances of going wrong.} (14... Bc5 {is a known draw:} 15. Re1 Rae8 16. Be3 Bxe3 17. Rxe3 Rxe4 18. Rxe4 Nxe4 19. f3 Nd6 {and although White should be minimally better becaues of the structure, no one has been able to win this position.}) ({RR} 14... Bc5 15. Re1 Rae8 16. Be3 Bxe3 17. Rxe3 Rxe4 18. Rxe4 Nxe4 19. f3 Nd6 20. Ne3 Re8 21. Kf2 Kf7 22. Rd1 a5 23. f4 h5 24. Kf3 b5 25. b3 Kf6 26. h3 g6 27. Rd3 b4 28. g4 hxg4+ 29. Nxg4+ {Radjabov,T (2735)-Grischuk,A (2711) Odessa 2008 ½-½ (61)}) 15. Re2 Bxh2+ 16. Kf1 $6 {And he starts doing so almost immediately. The king is safer and better placed on h1.} Rae8 $146 ({RR} 16... Bg3 17. f3 Rad8 18. Bg5 Rd4 19. b3 b5 20. Nb2 Ne5 21. Rd1 Rxd1+ 22. Nxd1 h6 23. Be3 Rd8 24. Rd2 Rd6 25. Ke2 Ng6 26. Nf2 Kf7 27. Nd3 Ne5 28. f4 Nxd3 29. cxd3 h5 30. d4 Rg6 31. Rc2 {Rovid,K (2266)-Ivan,A (2268) Hungary 2010 0-1 (71)}) ({RR} 16... Bg3 17. f3 h5 18. Bg5 h4 19. Kg1 Nf6 20. Rd1 Rad8 21. Red2 Rxd2 22. Rxd2 Rf7 23. Ne3 Nh7 24. Rd8+ Rf8 25. Be7 Rxd8 26. Bxd8 Kf8 27. Nf5 g5 28. Nxg3 hxg3 29. Bxc7 Kf7 30. Bxg3 Ke6 31. Kf2 {Mazurkiewicz,M (2145)-Dubreuil,J (2113) chess.com INT 2023 1-0 (48)}) 17. Nd2 $6 {It's going to become incredibly hard to develop because of the self-pin.} (17. c3 {just passing and allowing some breathing room on the second rank was much better.}) 17... Rd8 $1 {The World number one shows that he is in a class of his own. With the rook going back and forth, he has now secured a pin on the d-file that causes White's development to stall almost completely.} 18. f3 Bg3 19. Kg1 Ne5 20. b3 Ng6 $1 {Magnus moves are all precise, with the goal of not allowing White easily development.} 21. Nf1 Be5 22. c3 $2 {Panic.} (22. Rb1 Rd1 23. Rd2 Bd4+ 24. Kh2 Rxf1 25. Rxd4 Nf4 26. Rd7 Rf6 27. Bxf4 $1 Rxb1 28. Be5 {is unpleasant, but White's activity gives him excellent chances to draw.}) 22... Bxc3 23. Bb2 Nf4 24. Rc2 Ba5 {The Norwegian wants to keep as many pieces on the board as possible, especially with the somewhat exposed king, but there was nothing wrong with simplifying the position and exploiting the material advantage.} 25. Ng3 g6 26. Rf1 Rd3 27. Kh2 Bb4 28. Ne2 Ne6 29. Nc1 Rd7 30. g3 Rfd8 31. Kg2 Kf7 32. f4 h5 33. Kh3 a5 34. Kg2 Nc5 35. Kf3 Nd3 36. Re2 Be7 $2 {Allowing White some hope.} (36... Nxb2 37. Rxb2 Ba3 38. Rc2 Rd2 {and it will be very hard for White to hold this position as a2 will soon fall as well.}) 37. Nxd3 Rxd3+ 38. Kg2 Bc5 $6 {The extra pawn still gives Black excellent chances to win, but the advantage is slipping move by move. The bishop is not well placed on c5 as it might be forced back to b6 in a defensive position.} 39. Rc1 $6 (39. Be5 $1 {would have at least forced Black to find an active idea to defend c7.} Bd6 40. Bb2 {and now any move by the bishop will be met with e5 again.}) 39... Rd2 40. Rc2 Rxe2+ 41. Rxe2 {Time control has been reached. Black is still up a pawn, but will have a tough technical job ahead of him after missing many ways of finishing his opponent off.} Rd3 42. Rc2 Bd6 43. Bc1 Be7 44. Kf2 a4 45. Rd2 Rxd2+ $2 {A strange decision. The bishop endgame looks less promising than the rook endgame.} (45... Bc5+ $1 46. Kg2 Rc3 47. Bb2 Re3 48. Bd4 Bxd4 49. Rxd4 a3 $1 {gives black great winning chances.}) 46. Bxd2 axb3 47. axb3 c5 48. g4 $6 {Not necessarily losing, but why create a free passed pawn for Black? Much more tenacious was to simply wait and keep the king on e2-d3, forcing Black to figure out a plan of action.} b5 49. gxh5 gxh5 50. Bc3 $2 {The final blunder.} (50. Kf3 b4 51. Be3 {should still be somehow winning for Black, but it's much more difficult to figure out.}) 50... b4 51. Bb2 Bh4+ {Not the most precise but also winning.} 52. Ke2 Bg3 {The combined action between the passed pawn on h4 and the threats of breaking on c4 and exchanging bishops gives Carlsen the win. Here he is pushing the f-pawn forward so he will be able to easily trade bishops later.} 53. f5 h4 54. e5 h3 55. e6+ (55. Kf3 Bh4 56. Ba1 Be1 $19) 55... Ke7 56. Kf3 Bf4 57. Bg7 Bg5 58. Be5 c4 59. bxc4 Bf6 {White has two passed pawns, but they are worth nothing compared to the outside passed pawns of Black, which will soon promote.} 0-1

[Event "Sinquefield Cup 1st"]
[Site "Saint Louis"]
[Date "2013.09.14"]
[Round "5"]
[White "Nakamura, Hikaru"]
[Black "Carlsen, Magnus"]
[Result "1/2-1/2"]
[WhiteElo "2772"]
[BlackElo "2862"]
[Annotator "Ramirez Alvarez,Alejandro"]
[PlyCount "64"]
[EventDate "2013.09.09"]
[EventType "tourn"]
[EventRounds "6"]
[EventCountry "USA"]
[EventCategory "22"]
[SourceTitle "CBM 157"]
[Source "ChessBase"]
[SourceDate "2013.11.12"]
[SourceVersion "1"]
[SourceVersionDate "2013.11.12"]
[SourceQuality "1"]

1. e4 e5 2. Nf3 Nc6 3. Bb5 Nf6 4. O-O Nxe4 5. Re1 Nd6 6. Nxe5 Be7 7. Bf1 Nxe5 8. Rxe5 {Nakamura uses a line that has given Carlsen some problems in the past, both sides seemed to have been very well prepared.} O-O 9. Nc3 Ne8 10. Nd5 Bd6 11. Re1 c6 12. Ne3 Bc7 13. Nf5 d5 14. Ne7+ Kh8 15. Nxc8 Rxc8 16. g3 {Only this move is actually new. Moving the bishop to the h3-f5 diagonal can cause Black some problems, or at least that was the American's original plan. Carlsen ignores this and obtains an acceptable position.} ({RR} 16. d3 f5 17. g3 Qf6 18. Bh3 Bb6 19. c3 Nd6 20. Qh5 g6 21. Qg5 Qxg5 22. Bxg5 Nf7 23. Bf6+ Kg8 24. Re2 Bd8 25. Bxd8 Rcxd8 26. Rae1 Nd6 27. f4 Rfe8 28. Kf2 Rxe2+ 29. Rxe2 Kf7 30. Bg2 Kf6 {Caruana,F (2781)-Aronian,L (2785) Chess.com INT 2022 0-1 (48)}) 16... Nd6 $146 (16... Qd7 17. d3 Nf6 18. Qf3 {is slightly more pleasant for White due to the pair of bishops, without it being anything special.}) ({RR} 16... Qf6 17. Bh3 Rd8 18. d4 Nd6 19. Bf4 Bb8 20. Be5 Qh6 21. Bg2 Nc4 22. Bxb8 Rxb8 23. b3 Nd6 24. Qd3 Qg6 25. Qd2 Rfe8 26. Re5 f6 27. Rxe8+ Rxe8 28. Qb4 f5 29. Re1 Rxe1+ 30. Qxe1 Qf6 31. Qe3 {Robson,R (2674)-Grischuk,A (2754) Baku 2016 0-1 (46)}) ({RR} 16... f5 17. d3 Qf6 18. Qf3 Nd6 19. c3 Nf7 20. Bf4 d4 21. c4 Ba5 22. Re2 g5 23. Bc1 g4 24. Qg2 Ne5 25. Bg5 Qg7 26. Bh6 Nf3+ 27. Qxf3 Qxh6 28. Qf4 Qxf4 29. gxf4 Rce8 30. Kg2 Rxe2 31. Bxe2 {Lavrencic,M (2446)-Sarana,A (2689) Eforie Nord ROU 2025 0-1 (45)}) ({RR} 16... Qd7 17. Qf3 Nd6 18. d3 Rce8 19. Bd2 Bb6 20. Qf4 Kg8 21. Bb4 Bc7 22. Qh4 a5 23. Bd2 Bd8 24. Qd4 Bf6 25. Qf4 Bxb2 26. Rab1 Rxe1 27. Bxe1 Re8 28. Bxa5 Be5 29. Qd2 Nb5 30. Bg2 d4 31. Re1 {Mosadeghpour,M (2535)-Maghsoodloo,P (2601) Bushehr 2018 ½-½ (35)}) 17. Bh3 f5 18. d3 (18. d4 $6 {takes control of e5, but is not as important as the fact that it loses control of e4.}) 18... Qf6 19. c3 (19. Bf4 Qxb2 20. Be5 Qa3 21. Qh5 Kg8 22. Qg5 {gives White some compensation, but of course Black doesn't have to take on b2.}) 19... Rce8 20. Bd2 Nf7 21. Rxe8 Rxe8 22. Qf1 f4 23. Re1 Rf8 24. Qe2 h6 25. Kh1 Ng5 26. Bg4 Bd6 {Black has solved most of his problems because White has to consistently pay attention to his kingside. The only way of kicking the knight out of g5 is with h4, which will weaken g3 and increase the power of the d6-bishop.} 27. h4 Nh7 28. Kg2 Qg6 29. Bh5 Qf5 30. Bg4 Qg6 31. Bh5 Qf5 32. Bg4 Qg6 {Neither side is really playing for anything, and with White's kingside weaknesses it's fully understandable that he immediately agreed to a draw. With this important results Carlsen goes into the last round with an extra half a point.} 1/2-1/2

[Event "World-ch Carlsen-Anand +3-0=7"]
[Site "Chennai"]
[Date "2013.11.10"]
[Round "2"]
[White "Anand, Viswanathan"]
[Black "Carlsen, Magnus"]
[Result "1/2-1/2"]
[WhiteElo "2775"]
[BlackElo "2870"]
[Annotator "Sumets,Andrey"]
[PlyCount "50"]
[EventDate "2013.11.09"]
[EventType "match"]
[EventRounds "12"]
[EventCountry "IND"]
[SourceTitle "CBM 158"]
[Source "ChessBase"]
[SourceDate "2014.01.16"]
[SourceVersion "1"]
[SourceVersionDate "2014.01.16"]
[SourceQuality "1"]

1. e4 c6 2. d4 d5 3. Nc3 dxe4 4. Nxe4 Bf5 5. Ng3 Bg6 6. h4 h6 7. Nf3 e6 (7... Nd7 {is the main line}) 8. Ne5 ({Another line is} 8. h5 Bh7 9. Bd3 Bxd3 10. Qxd3 {Black must not hurry with ...d7. In some lines he can play ...c5 and ...c6.} Nf6 11. Bd2 Be7 12. O-O-O O-O 13. c4 $6 b5 14. cxb5 Qd5 15. Kb1 cxb5 $15 {0-1 (45) Zapata,A (2496)-Macieja,B (2595) Greensboro USA 2013}) 8... Bh7 9. Bd3 Bxd3 10. Qxd3 Nd7 11. f4 Bb4+ 12. c3 Be7 13. Bd2 Ngf6 14. O-O-O (14. Qe2 $5 {For this line see the recent game Anand,V-Ding Liren Paris/Saint Petersburg 2013. It would be interesting to see what Magnus had prepared after 14.e2.}) 14... O-O (14... c5 15. Be3 O-O 16. Kb1 Qc7 17. Ne4 Nxe4 18. Qxe4 Nxe5 19. dxe5 Rfd8 20. h5 Rxd1+ 21. Rxd1 Rd8 22. Rxd8+ Qxd8 23. Kc2 Qd7 24. b3 $14 {Inarkiev,E (2693) -Eljanov,P (2702) Poikovsky RUS 2013 0-1 (48)}) 15. Ne4 {This line isn't considered as a dangerous one for Black.} (15. c4 Qc7 16. Rhe1 Rad8 17. Qf3 a5 18. Kb1 Bb4 19. Bxb4 axb4 $11 20. f5 Nxe5 21. dxe5 Rxd1+ 22. Qxd1 Rd8 23. Qe2 Nd7 24. fxe6 fxe6 25. Ne4 b6 (25... Qxe5 $1 26. Rd1 Qa5 27. Rd6 (27. Qd3 $2 Ra8 $17) 27... Nf8 $15) 26. g4 Nxe5 27. g5 $13 {Svetushkin,D (2570)-Lauber,A (2517) Berlin GER 2010 1-0 (33)}) (15. Qf3 $5 Qc7 16. c4 (16. Rde1 $6 c5 17. d5 $6 Nxd5 18. c4 Nb4 $1 (18... N5b6 19. Ng4 Nxc4 20. Bc3 Qc6 21. Nxh6+ Kh7 22. Qd3+ Kxh6 23. Qe2 g6 $5 (23... Kh7 24. Qh5+ Kg8 25. Bxg7 Kxg7 26. Qg4+ $11) 24. h5 g5 25. Qxc4 Nb6 $13) 19. a3 Nc6 20. Nxc6 Qxc6 21. Qxc6 bxc6 22. Ne4 (22. f5 Bf6 23. fxe6 Ne5 $17) 22... Nf6 23. Bc3 Nxe4 24. Rxe4 Bf6 $15 {Kroeze,F (2446)-Lauber,A (2417) Germany 2008 0-1 (45)}) 16... Rac8 (16... a5 17. Kb1 Rad8 18. Bc1 Rfe8 19. Ne2 c5 (19... h5 $5 {! Lucacs,P} 20. c5 g6 21. Nc3 Bf8 $13) 20. g4 cxd4 21. g5 Nxe5 22. fxe5 Nh7 23. gxh6 $40 {Topalov,V (2707)-Dreev,A (2676) FIDE Wch k. o. New Delhi/Teheran 2000 1-0 (43)}) ({Black can't play} 16... c5 $6 {due to} 17. d5 $1 Rae8 (17... Nxe5 $4 18. fxe5 Qxe5 19. Bf4 $18) 18. Rhe1 exd5 19. cxd5 Bd6 20. Bc3 $16 Nxe5 21. fxe5 Rxe5 22. Bxe5 Bxe5 23. Nf5 Rd8 $2 (23... c4 24. d6 Qc5 25. Kb1 $16) 24. d6 Bxd6 25. Rxd6 {1-0 (24) Movsesian,S (2666) -Iordachescu,V (2594) FIDE-Wch k.o. New Delhi/Teheran 2000}) 17. Rhe1 b5 18. c5 Nd5 19. Nh5 N7f6 20. Ng3 (20. Nxf6+ Bxf6 21. g4 $40 {Erenburg}) 20... Nd7 21. Nh5 N7f6 22. Nxg7 $5 Kxg7 23. f5 exf5 24. Qxf5 $44 {Roiz,M (2512)-Erenburg, S (2494) Tel Aviv 2002 0-1 (32)}) 15... Nxe4 16. Qxe4 Nxe5 (16... Nf6 {seems to be a risky decision.} 17. Qe2 Qd5 18. g4 h5 (18... Qxa2 $2 19. g5 Ne8 20. gxh6 Bf6 21. Rdg1 $18) (18... Qe4 19. Rde1 Qxe2 20. Rxe2 Nd5 21. g5 $14) 19. gxh5 (19. g5 $5 Qe4 (19... Ne4 $4 20. c4 Qxd4 21. Be1 $18) 20. Rhe1 Qxe2 21. Rxe2 Nd5 22. c4 Nb6 23. b3 Rfd8 24. Ba5 $14) 19... Qe4 20. Qf2 $6 (20. Qxe4 Nxe4 21. h6 $1 gxh6 $8 (21... Nf2 22. Rhg1 Nxd1 23. Rxg7+ Kh8 24. Kxd1 $18) 22. f5 Kh7 23. fxe6 fxe6 24. Rde1 Nxd2 25. Kxd2 Rf2+ 26. Kc1 Rg8 27. Nd3 Rf6 28. Re2 $14) 20... Qf5 21. Rdg1 Nxh5 $11 {Fercec,N (2477)-Zelcic,R (2531) Zadar 2004 1/2 (36). White has no attack anymore.}) 17. fxe5 Qd5 18. Qxd5 $146 {According to Carlsen, after the exchange of queens there is nothing to discuss.} (18. Qg4 $5 {The only way to continue the game} f5 $5 {It seems to me that Black has good counterplay.} (18... Kh7 19. b3 $6 (19. Kb1 $1 c5 20. Bg5 $1 f5 21. exf6 Bxf6 22. dxc5 Qxc5 23. Bc1 Rae8 (23... Qf5+ 24. Qxf5+ exf5 25. Rd5 $16) 24. Rhf1 Qc6 25. Rf3 $14) 19... c5 (19... a5 $5 20. Bg5 f5 21. exf6 Bxf6 22. Rde1 a4 23. Bxf6 Rxf6 24. Re5 Rg6 $1 $11) 20. Bg5 f5 21. exf6 Bxf6 22. c4 Qc6 23. dxc5 Qxc5 24. Qe4+ Kh8 25. Bxf6 Rxf6 26. Rhf1 Rxf1 27. Rxf1 Rd8 $11 {Mrdja,M (2360)-Zelcic,R (2591) Zagreb 2008 1-0 (56)}) 19. Qg6 (19. exf6 $6 Rxf6 20. Kb1 Rf2 21. Rhg1 (21. Bxh6 $4 Rxg2) 21... h5 $15) 19... Qxa2 20. Bxh6 Rf7 {The position is complicated and both sides have their good and bad points.} 21. h5 (21. g4 f4 22. Rhf1 Raf8 23. Rxf4 Qa1+ 24. Kc2 Qa4+ 25. Kd2 Qa2 26. Kc1 Qa1+ $11) (21. Bg5 a5 22. d5 cxd5 23. Qxe6 Qa1+ 24. Kc2 Qa4+ 25. Kb1 Qe4+ 26. Ka2 Qa4+ $11) 21... a5 22. Bf4 a4 23. h6 a3 24. Kc2 Qxb2+ (24... c5 $5) 25. Kd3 Qb5+ 26. Ke3 Qd5 27. g3 $1 Raf8 28. Rh2 Qb3 29. Rdh1 Qxc3+ 30. Kf2 Qc2+ 31. Ke3 Qe4+ 32. Kf2 $11) 18... cxd5 $11 19. h5 b5 20. Rh3 a5 21. Rf1 (21. Kc2 b4 22. Kd3 bxc3 23. Bxc3 Bb4 $11) 21... Rac8 $146 ({RR} 21... a4 22. Rg3 Kh7 23. Rgf3 Kg8 24. Rg3 Kh7 25. Rgf3 Kg8 26. Rg3 {½-½ (26) Chandra,A (2483)-Macieja,B (2533) Dallas 2017}) 22. Rg3 Kh7 23. Rgf3 Kg8 24. Rg3 Kh7 25. Rgf3 Kg8 1/2-1/2